| 000 | 00651nam a2200205 i 4500 | ||
|---|---|---|---|
| 001 | 13129 | ||
| 003 | ES-MaACL | ||
| 005 | 20230906150513.0 | ||
| 007 | t| | ||
| 008 | 960530s1995 sp ||||0| spa j | ||
| 020 | _a84-88480-11-3 | ||
| 040 |
_aM-BN _bspa _cM-BN |
||
| 080 | _a860"19"(082.2) | ||
| 245 | 0 | 0 |
_a1er Certamen literario Garcilaso de la Vega y Plaza de Zocodover / _corganizado por la Tertulia de Zocodover. |
| 260 |
_aToledo : _bAzacanes, _c1995. |
||
| 300 |
_a35 p ; _c21 cm + _efe de erratas. |
||
| 650 | 4 |
_aLiteratura espaƱola- _yS.XX. _9148763 |
|
| 710 | 2 |
_aTertulia de Zocodover. _96942 |
|
| 852 |
_aES-MaACL _j2150-F-19 _bR.125199 |
||
| 999 |
_c13129 _d13129 |
||